Normal view MARC view
  • Nazir, Umar

Entry Personal Name

Number of records used in: 1

001 - CONTROL NUMBER

  • control field: 125265

003 - CONTROL NUMBER IDENTIFIER

  • control field: NUST

005 - DATE AND TIME OF LATEST TRANSACTION

  • control field: 20240821153127.0

008 - FIXED-LENGTH DATA ELEMENTS

  • fixed length control field: 240821|| aca||aabn | a|a d

040 ## - CATALOGING SOURCE

  • Original cataloging agency: NUST
  • Transcribing agency: NUST

100 ## - HEADING--PERSONAL NAME

  • Personal name: Nazir, Umar

670 ## - SOURCE DATA FOUND

  • Source citation: Work cat.: (NUST): Nazir, Umar, The Impact of Climate Change on Wheat Production: An Empirical Analysis of Punjab, Pakistan/
© 2023 Central Library, National University of Sciences and Technology. All Rights Reserved.